Fundamentals of Futures and Options Markets

Uloženo v:
Podrobná bibliografie
Hlavní autor: Hull, John C.
Médium: Kniha
Jazyk:Undetermined
Vydáno: New Jersey Pearson Prentice Hall 2005
Témata:
Tagy: Přidat tag
Žádné tagy, Buďte první, kdo otaguje tento záznam!
Thư viện lưu trữ: Trung tâm Học liệu Trường Đại học Cần Thơ
LEADER 00604nam a2200205Ia 4500
001 CTU_88242
008 210402s9999 xx 000 0 und d
020 |c 324000 
082 |a 332.64 
082 |b H913 
100 |a Hull, John C. 
245 0 |a Fundamentals of Futures and Options Markets 
245 0 |c John C.Hull 
260 |a New Jersey 
260 |b Pearson Prentice Hall 
260 |c 2005 
650 |a Futures market,Options (finance),Futures market 
904 |i Năm 
910 |a Sách kèm theo CD-ROM có số AV.001317 
980 |a Trung tâm Học liệu Trường Đại học Cần Thơ